[Event "Nikolaev zt"]
[Site "Nikolaev"]
[Date "1993.??.??"]
[Round "?"]
[White "Shmuter, Leonid"]
[Black "Timoshenko, Georgy"]
[Result "1-0"]
[WhiteElo "2440"]
[BlackElo "2515"]
[Annotator "Chekhov,V"]
[PlyCount "52"]
[EventDate "1993.03.??"]
[EventType "swiss"]
[EventRounds "11"]
[EventCountry "RUS"]
[SourceTitle "CBM 035"]
[Source "ChessBase"]
[SourceDate "1993.08.01"]
[SourceVersion "1"]
[SourceVersionDate "1993.08.01"]
[SourceQuality "1"]

1. e4 {Boensch} c5 2. Nf3 d6 3. d4 cxd4 4. Nxd4 Nf6 5. Nc3 a6 6. Bg5 e6 7. f4
Qb6 (7... Nc6 8. Nxc6 $5 (8. Be2 $5) 8... bxc6 9. e5 h6 10. Bh4 g5 (10... dxe5
11. Qxd8+ Kxd8 12. fxe5 g5 13. O-O-O+ $14) 11. fxg5 Nd5 12. Ne4 Qb6 $1 13. c3
dxe5 14. Bg3 hxg5 $132 {Oll-Gelfand/Debrecen/1989/}) (7... b5 $5 8. e5 dxe5 9.
fxe5 Qc7 10. Qe2 (10. exf6 Qe5+ 11. Be2 Qxg5 12. Qd3 Qxf6 13. Rf1 Qe5 14. Rd1
Ra7 15. Nf3 Qc7 16. Ng5 f5 17. Qd4 Qe7 18. Bh5+ g6 19. Qxh8 Qxg5 20. Bf3 {
Hellers-Polugaevsky/Haninge/1989/} Qe7 $5 {/\ Qg7<=>}) 10... Nfd7 11. O-O-O Bb7
12. Qg4 Qb6 13. Be2 Nxe5 14. Qh3 Nbd7 15. Rhe1 h6 16. Bh4 g5 17. Nxe6 $1 fxe6
18. Bf2 Qxf2 19. Qxe6+ Kd8 20. Bxb5 Qxe1 (20... axb5 21. Rxe5 Bc8 22. Qe8+ Kc7
23. Rxb5 $40) 21. Rxe1 axb5 22. Rxe5 Nxe5 23. Qxe5 $1 Rg8 24. Nd5 $1 $16 {
Atanasov-Rasev/corr/1989/}) (7... Nbd7 8. Qf3 Qc7 9. Be2 (9. O-O-O $5) 9... b5
10. f5 b4 11. fxe6 Ne5 12. Qxf6 $3 gxf6 13. Nd5 Qa7 14. Nxf6+ Kd8 15. Nd5+ Ke8
{Ljubojevic-Gelfand/Novi Sad ol/1990/}) (7... Be7 8. Qf3 Qc7 9. O-O-O Nbd7 10.
g4 (10. Bd3 $5) 10... b5 11. Bxf6 Nxf6 (11... gxf6 $5 12. f5 Ne5 13. Qh3 O-O $1
$132) 12. g5 Nd7 13. f5 Bxg5+ 14. Kb1 Ne5 15. Qh5 Qd8 16. Rg1 Bf6 17. fxe6 O-O
18. Bh3 g6 19. Nd5 Kh8 20. Qe2 fxe6 21. Bxe6 Ra7 22. Nxf6 Rxf6 23. Bd5 Re7 24.
h4 Qf8 {Psakhis-Cvitan/Geneve/1992/} 25. Qe3 $10) (7... Qc7 8. Qf3 b5 9. O-O-O
(9. Bxf6 $5) (9. f5 $5) 9... b4 $1 10. Nce2 Nbd7 11. g4 $5 Bb7 12. Ng3 d5 13.
Bd3 Bc5 14. Nb3 dxe4 15. Nxe4 Be7 $132 {Luther-Yudasin/Budapest/1989/}) 8. Qd2
(8. Nb3 Be7 9. Be2 (9. Qf3 Nbd7 10. O-O-O Qc7 11. Qg3 $5 (11. Bd3 b5 12. Rhe1
b4 $1 13. Bxf6 Nxf6 14. e5 Bb7 15. Ne4 dxe5 16. fxe5 Nxe4 17. Bxe4 Bxe4 18.
Qxe4 O-O 19. Nd4 $15 {Nijboer-Van der Wiel/Wijk aan Zee/1990/}) 11... b5 $1 12.
Bxf6 Nxf6 13. e5 dxe5 14. fxe5 Nd7 15. Bxb5 axb5 16. Nxb5 Qb6 17. Qxg7 Rf8 $132
{Kamsky-Gurevich,D/USA/1991/}) 9... Nbd7 10. Qd3 Qc7 $1 11. Bf3 (11. O-O-O b5
12. Bf3 Bb7) 11... Rb8 12. O-O-O b5 13. Bxf6 Nxf6 14. g4 b4 15. Ne2 e5 $1 $132
{Yudasin-Oll/Sevilla/1992/}) 8... Qxb2 9. Rb1 (9. Nb3 Qa3 10. Bxf6 gxf6 11. Be2
Nc6 12. O-O h5 13. Nb1 Qb4 14. Qe3 d5 15. exd5 Ne7 16. Nc3 Nf5 17. Qd3 Qb6+ 18.
Rf2 Bd6 19. Ne4 Bxf4 20. Nxf6+ Kf8 $1 (20... Ke7 $2) 21. Qc3 Bxh2+ 22. Kxh2
Qxf2 23. Nd7+ Kg8 24. Nf6+ $10 {Pelchev-Odeev/corr/1988/}) 9... Qa3 10. Bxf6 (
10. f5 Nc6 11. fxe6 fxe6 12. Nxc6 bxc6 13. e5 (13. Be2 $5) 13... dxe5 14. Bxf6
gxf6 15. Ne4 Be7 16. Be2 h5 17. Rb3 Qa4 18. Nxf6+ Bxf6 19. c4 Ra7 20. O-O Rd7
21. Qe3 Qxa2 (21... Rf7 22. Rxf6 $1 Rxf6 23. Qxe5 $132) 22. Rxf6 Qa1+ 23. Bf1
Qd4 24. Rxe6+ Kd8 25. Rxc6 Rf8 26. Qxd4 Rxd4 27. Be2 $14 {Timman-Hjartarson/
Linares/1989/}) 10... gxf6 11. Be2 Nc6 (11... Bg7 12. O-O f5 13. Rfd1 (13. exf5
Qc5) 13... Nc6 14. Nxc6 bxc6 15. Rb3 Qc5+ 16. Kh1 O-O 17. Na4 Qf2 18. Rf3 Qh4
19. exf5 exf5 20. Nb6 Rb8 21. Nxc8 Rfxc8 22. Bxa6 Re8 {Parma-Barczay/Sarajevo/
1969/} 23. Bd3 $14) (11... h5 {Boensch} 12. O-O Nd7 13. Kh1 Nc5 14. Rf3 Qa5 15.
Nb3 Qc7 16. Nxc5 dxc5 17. f5 $36 {Velimirovic,D-Tringov,G Osijk 1978 1/2 34})
12. Nxc6 bxc6 13. O-O d5 $5 $146 (13... Qa5 14. Kh1 Be7 15. f5 exf5 (15... h5 {
Boensch} 16. Qd3 (16. Bf3 {Boensch} e5 17. Qd3 Qc7 18. Rb3 Rb8 19. Rxb8 Qxb8
20. Qc4 Qc7 21. Rb1 $44 {Velimirovic,D-Gavrikov,V Vrsac 1985 1-0 37}) 16... h4
17. Qh3 Kd8 18. Bg4 Qe5 19. Rb6 Kc7 20. Rfb1 Ra7 $15 {Ivanovic,B-Ftacnik,L
Luzern (ol) 1982 0-1 37}) 16. exf5 Bxf5 17. Bxa6 Qxa6 18. Rxf5 d5 19. Re1 Qb7
20. Rxf6 (20. Qh6 $1 $36) 20... O-O 21. Qg5+ $10 {Matanovic-Bertok/Jugoslavija/
1962/}) 14. exd5 cxd5 15. f5 Qa5 16. Kh1 Bd6 (16... Bg7 17. Rf3 O-O 18. Rbf1
$36) 17. fxe6 Bxe6 (17... fxe6 {Boensch} 18. Bh5+ Ke7 19. Qh6 $18) 18. Rxf6 $1
Be5 19. Qh6 $3 (19. Rf3 Rc8 $17) (19. Rxe6+ fxe6 $19) 19... Qxc3 (19... Bxf6
20. Qxf6 O-O (20... Rg8 21. Bh5 Rg6 22. Bxg6 hxg6 23. Rb7 $18) (20... Kd7 {
Boensch} 21. Rb7+ Kc6 22. Rxf7 (22. Qe7 $2 Rhe8 $19) 22... Rhe8 $13) 21. Bd3
$40) 20. Rxe6+ fxe6 21. Qxe6+ Kd8 (21... Kf8 22. Rf1+ $18) 22. Bg4 Ra7 (22...
Qc7 23. Qxd5+ Ke7 24. Qe6+ $18 (24. Rf1 $1 $18 {Boensch})) 23. Qxd5+ Ke8 (23...
Ke7 24. Rf1 $18) 24. Bh5+ Kf8 (24... Ke7 {Boensch} 25. Qf7+ Kd6 26. Qxa7 $18)
25. Qd8+ Kg7 26. Qg5+ Kf8 1-0

[Event "Riga op"]
[Site "Riga"]
[Date "1995.??.??"]
[Round "?"]
[White "Krakops, Maris"]
[Black "Novikov, Igor A"]
[Result "1/2-1/2"]
[WhiteElo "2475"]
[BlackElo "2590"]
[Annotator "Chekhov,V"]
[PlyCount "77"]
[EventDate "1995.??.??"]
[EventType "swiss"]
[EventRounds "9"]
[EventCountry "LAT"]
[SourceTitle "CBM 048"]
[Source "ChessBase"]
[SourceDate "1995.10.01"]
[SourceVersion "1"]
[SourceVersionDate "1995.10.01"]
[SourceQuality "1"]

1. e4 c5 2. Nf3 d6 3. d4 cxd4 4. Nxd4 Nf6 5. Nc3 a6 6. Bg5 e6 7. f4 Qb6 8. Nb3
Be7 9. Be2 (9. Qf3 $5) 9... Nbd7 10. Qd3 Qc7 (10... h6 $6 11. Bxf6 Bxf6 12.
O-O-O Ke7 13. Rd2 Qc7 14. Nd4 Nb6 15. a4 Bd7 16. a5 Nc8 17. Nf5+ $1 $16 {
Brodsky,M-Mitenkov,A/Katowice1993/1|0/39/}) 11. Bf3 Rb8 (11... h6 12. Bxf6 Nxf6
(12... Bxf6 13. O-O-O Bxc3 14. Qxc3 Qxc3 15. bxc3 e5 16. g3 Ke7 17. Na5 $14 {
Nijboer,F-Van der Wiel,J/Eindhoven/1992/0,5/41/}) 13. O-O-O e5 14. f5 b5 15.
Kb1 Bb7 16. g4 Rc8 17. h4 Nd7 18. Nd5 Bxd5 19. exd5 Bd8 $1 $10 {Hracek,
Z-Ftacnik,L/Brno/1992/0,5/24/}) 12. O-O-O b5 13. Kb1 (13. Bxf6 Nxf6 14. g4 b4
15. Ne2 e5 16. f5 a5 17. Kb1 Nd7 $132 {Yudasin,L-Oll,L/Sevilla/1992/0,5/30/})
13... b4 14. Ne2 a5 15. g4 a4 16. Nbd4 Qc5 (16... Nc5 $2 17. Nb5 Qb6 18. Nxd6+
Bxd6 19. Qxd6 Qxd6 20. Rxd6 $22 Ncxe4 21. Bxe4 Nxe4 22. Rd8#) 17. e5 $5 dxe5
18. Nc6 e4 $1 (18... Rb6 19. fxe5 Nd5 20. Nxe7 Nxe7 21. Be3) 19. Bxe4 Rb6 (
19... Nxe4 $2 20. Nxb8 Nxg5 21. Nxd7) 20. Nxe7 Ba6 21. Qf3 Kxe7 (21... Qxe7 22.
Bc6 Bxe2 23. Bxd7+ Qxd7 24. Qxe2 $14) 22. f5 (22. Nd4 Rc8 $13) 22... Rc8 23.
Be3 Qe5 24. Bd3 (24. Bxb6 $2 Qxe4 25. Qxe4 Nxe4 $17) 24... Bb7 (24... Bxd3 25.
Rxd3 Rbc6 26. Nd4 Rc4 27. Re1 $36) 25. Qf2 Bxh1 (25... Nxg4 $2 26. Qh4+ Ngf6
27. Bxb6 Bxh1 28. Rxh1 Nxb6 29. Qxb4+ Qd6 30. Qxd6+ Kxd6 31. fxe6 $14) 26. Bxb6
Nxb6 27. Qxb6 Rb8 28. Qf2 (28. Qa7+ Rb7 29. Qxa4 Bf3 $36) 28... Bd5 29. fxe6
fxe6 30. Nd4 $1 Nxg4 $1 31. Qh4+ Nf6 32. Re1 g5 $1 (32... Qh5 $2 33. Qg3 $40) (
32... Qc7 33. Nb5 Qc5 34. Qg3 Rg8 35. Nc7 $36) 33. Rxe5 gxh4 34. Rxd5 Rg8 35.
Nc6+ Kf7 36. Ne5+ Ke7 37. Nc6+ Kf7 38. Ne5+ Ke7 39. Nc6+ 1/2-1/2

[Event "Buenos Aires"]
[Site "Buenos Aires"]
[Date "1980.??.??"]
[Round "?"]
[White "Ljubojevic, Ljubomir"]
[Black "Browne, Walter Shawn"]
[Result "1-0"]
[WhiteElo "2590"]
[BlackElo "2540"]
[Annotator "Chekhov,V"]
[PlyCount "97"]
[EventDate "1980.10.15"]
[EventType "tourn"]
[EventRounds "13"]
[EventCountry "ARG"]
[EventCategory "13"]
[SourceTitle "MCL"]
[Source "ChessBase"]
[SourceDate "1999.07.01"]
[SourceVersion "1"]
[SourceVersionDate "1999.07.01"]
[SourceQuality "1"]

1. e4 c5 2. Nf3 d6 3. d4 cxd4 4. Nxd4 Nf6 5. Nc3 a6 6. Bg5 e6 7. f4 Qb6 8. Nb3
Nbd7 9. Qe2 (9. Qf3 $5 Be7 10. O-O-O Qc7 11. Bd3 b5 12. Rhe1 b4 13. Ne2 Bb7 14.
Kb1 Nc5 15. Nxc5 dxc5 16. Bxf6 $1 Bxf6 17. Bc4 $14) (9. Be2 $5) 9... Qc7 10.
O-O-O b5 (10... Be7 $5 11. g4 h6 12. Bh4 g5 13. fxg5 Nh7 14. Bg3 hxg5 15. e5
Nxe5 16. Ne4 d5 17. Bg2 dxe4 18. Qxe4 Bf6 19. Rde1 Nf8 20. Rhf1 $13 {
Kupreichik,V-Tal,M/URS/1979/}) 11. a3 Bb7 12. g3 (12. g4 $5 Rc8 13. Bh4 Nb6 14.
g5 Nfd7 15. f5 $16 {Grabczewski,Z-Tal,M/POL/1974/}) 12... Be7 13. Bg2 h6 (13...
Rc8 $5) 14. Bxf6 Nxf6 15. e5 dxe5 16. Nxb5 Qb6 (16... axb5 17. Qxb5+ $18) 17.
Nd6+ (17. Bxb7 Qxb7 18. fxe5 axb5 19. exf6 gxf6 $1) 17... Bxd6 18. Rxd6 Qxd6
19. Bxb7 Ra7 20. fxe5 Qb6 21. Bxa6 Qxa6 22. Qxa6 Rxa6 23. exf6 gxf6 24. c4 $13
Ke7 (24... h5 $5) 25. Kc2 Rc8 $6 (25... h5 $5) 26. Kc3 e5 27. Ra1 f5 28. Nc1 f4
$6 (28... Rd6 $5) 29. gxf4 exf4 30. Nd3 f3 (30... Rf6 31. Rf1 f3 32. Rf2 Rg8
33. Ne1 Rg1 34. Nxf3 Rc1+ 35. Kb4 Rb6+ 36. Kc5) 31. Nf4 (31. Rf1 $5) 31... Kd6
32. Nd5 $6 (32. Rf1 Ra4 33. b3 Rxa3 34. Rxf3 Ra2 35. h3 $14) 32... Ra5 33. Kd4
Rxc4+ $2 (33... Rxd5+ 34. cxd5 Rc2 35. b4 Rxh2 36. Ke3 Rb2 37. Kxf3 Kxd5 $10)
34. Kxc4 Rxd5 35. Rf1 Rd2 36. Kc3 Rxh2 37. Rxf3 $18 Ke6 38. a4 f5 39. a5 Rh1
40. Kb4 Rh2 (40... Ra1 41. Kb5 (41. Ra3 Rxa3 42. Kxa3 Kd6) 41... Ke5 42. a6 f4
43. Kb6 Ra2 44. b4 Ke4 45. Rf1 $18) 41. Ka3 Rh1 42. Ka4 Ra1+ 43. Kb5 Ke5 44. a6
f4 45. Kb6 Rb1 46. Rf2 Ke4 47. a7 Ra1 48. Rh2 (48. Rf1 Ra2 49. b4) 48... f3 49.
Rxh6 (49. Rxh6 f2 50. Rf6 Ke3 51. Kb7 Ke2 52. a8=Q Rxa8 53. Kxa8 f1=Q 54. Rxf1
Kxf1 55. b4 $18) 1-0

[Event "Match Huebner-Hort +2-1=3"]
[Site "Hamburg"]
[Date "1979.09.05"]
[Round "5"]
[White "Huebner, Robert"]
[Black "Hort, Vlastimil"]
[Result "1-0"]
[WhiteElo "2595"]
[BlackElo "2600"]
[Annotator "Chekhov,V"]
[PlyCount "79"]
[EventDate "1979.08.31"]
[EventType "match"]
[EventRounds "6"]
[EventCountry "GER"]
[SourceTitle "MCL"]
[Source "ChessBase"]
[SourceDate "1999.07.01"]
[SourceVersion "1"]
[SourceVersionDate "1999.07.01"]
[SourceQuality "1"]

1. e4 c5 2. Nf3 d6 3. d4 cxd4 4. Nxd4 Nf6 5. Nc3 a6 6. Bg5 e6 7. f4 Qb6 8. Qd2
Qxb2 9. Rb1 Qa3 10. f5 (10. Bxf6 gxf6 11. Be2 Nc6 12. Nxc6 bxc6 13. O-O Qa5 14.
Kh1 Be7 15. Qe1 h5 16. Qg3 Kf8 17. Rb3 h4 18. Qf3 d5 19. exd5 exd5 {Brodskij,
M-Zagorskis,D/Berlin/1993/1:0/33/} 20. f5 $5 $13) 10... Nc6 11. fxe6 fxe6 12.
Nxc6 bxc6 13. e5 dxe5 14. Bxf6 gxf6 15. Ne4 (15. Be2 $5 Qd6 16. Bh5+ Ke7 17.
Qc1 Rb8 18. Rxb8 Qxb8 19. O-O Qb4 20. Ne4 $1 $13 {Bojky,A-Shashin,B/URS/1990/})
15... Be7 16. Be2 h5 17. O-O $6 (17. Rb3 Qa4 18. Nxf6+ Bxf6 19. c4 Ra7 20. O-O
Rd7 21. Qe3 Rf7 22. Rxf6 $5 (22. Qc5 Be7 23. Qxe5 Rxf1+ 24. Bxf1 Rh7 $1 25. Bd3
Rh6 $1) 22... Rxf6 23. Qxe5 Rfh6 (23... Qxa2 24. Qxf6 Qxb3 25. Qxh8+ Kd7 26.
Qd4+ Kc7 27. Bxh5 a5 28. h4 a4 29. Bd1 Qb4 30. Qe5+ Kb7 31. h5 a3 32. h6 a2 33.
h7 a1=Q 34. Qxa1 Qe1+ $10 {Krnic/}) 24. Rb8 $1 (24. Qc7 Bd7 25. Qd6 c5 $1 {
Krnic/}) 24... O-O 25. Qg5+ Kh7 26. Rxc8 Rxc8 27. Bd3+ $18 {Boto,Z-Sose/JUG/
1990/}) 17... f5 18. Rb3 (18. Bf3 Kf7 $5 (18... Ra7 $5) 19. Kh1 Ra7 20. Rb8 (
20. Rf2 $5 {Tal/}) 20... Rd7 21. Qe2 h4 22. Bg4 Kg7 $1 {Tolnai,T-Georgiev,Ki/
Saint John op/1988/0:1/45/}) 18... Qa4 19. c4 fxe4 20. Kh1 Bd7 21. Qc3 $6 (21.
Qc2 {P e4/}) 21... Rf8 $1 22. Bxh5+ Kd8 23. Rd1 (23. Rfb1 Bd6 24. h3 (24. Rd1
Bc7 25. Ra3 Qxd1+ $1) 24... Ke7 25. Rd1 {P d6, a3/} Rab8) 23... Kc8 24. h3 Qxa2
(24... c5 $5 {P c6, b8/}) 25. c5 (25. Rxd7 Kxd7 26. Rb7+ Kc8 27. Rxe7 Qf2 28.
Qa5 Ra7 $19) 25... a5 (25... Qa4 $5 26. Rxd7 (26. Rb4 Qxd1+ 27. Bxd1 Rf1+ 28.
Kh2 Rxd1 $17) 26... Kxd7 27. Rb7+ Kc8 28. Rxe7 Qd4 $17) 26. Rdb1 Bd8 $2 (26...
Rf2 $5 27. Qc4 {P a6/} Kd8 28. Qxe4 (28. Rb8+ Rxb8 29. Rxb8+ Kc7 $19) 28...
Rf1+ 29. Rxf1 Qxb3 30. Qxe5 Kc8 $1 31. Rf7 Bd8 $1 {P b1, c7/} 32. Rxd7 Kxd7 33.
Qd6+ Kc8 34. Qxc6+ Kb8 $19) 27. Qc4 {P a6/} Bc7 28. Rb8+ Rxb8 29. Qxa2 $16 e3
30. Be2 Rf4 $6 (30... Rxb1+ 31. Qxb1 Rf4 {P b4,e4/}) 31. Ba6+ Kd8 32. Rxb8+
Bxb8 33. Qxa5+ Bc7 34. Qc3 $18 Ra4 35. Be2 e4 36. g4 Kc8 (36... Bf4 37. Qf6+ {
Pg5,g6/}) 37. g5 Bf4 38. g6 Kc7 39. g7 Ra8 40. Qb2 1-0

[Event "Linares-05"]
[Site "Linares"]
[Date "1985.03.18"]
[Round "8"]
[White "Timman, Jan H"]
[Black "Ljubojevic, Ljubomir"]
[Result "1-0"]
[WhiteElo "2650"]
[BlackElo "2595"]
[Annotator "ChessBase"]
[PlyCount "43"]
[EventDate "1985.03.08"]
[EventType "tourn"]
[EventRounds "11"]
[EventCountry "ESP"]
[EventCategory "14"]
[SourceTitle "MCL"]
[Source "ChessBase"]
[SourceDate "1999.07.01"]
[SourceVersion "1"]
[SourceVersionDate "1999.07.01"]
[SourceQuality "1"]

1. e4 c5 2. Nf3 d6 3. d4 cxd4 4. Nxd4 Nf6 5. Nc3 a6 6. Bg5 e6 7. f4 Qb6 8. Qd2
Qxb2 9. Rb1 Qa3 10. Be2 Be7 11. O-O Nbd7 12. e5 dxe5 13. fxe5 Nxe5 14. Bxf6
Bxf6 15. Rxf6 gxf6 16. Ne4 {[#]} Nd7 $2 (16... Qe7 17. Qf4 Nd7 18. Nd6+ Kf8 19.
Qh6+ Kg8 20. Rb3 Qxd6 21. Rg3+ Qxg3 22. hxg3 $14) (16... f5 $1 17. Nf6+ Ke7 18.
Qg5 Kd6 19. Nb3 Ng6 20. Rd1+ Kc7 21. Qg3+ e5 22. Qc3+ Kb8 23. Nd7+ Bxd7 24.
Rxd7 Rc8 $11) 17. Rb3 $18 Qxa2 (17... Qa4 18. Qc3 $18) 18. Nd6+ Kf8 19. Qc3 {
[#]} Kg7 (19... Rg8 20. Nxc8 $18) 20. N4f5+ exf5 21. Nxf5+ Kg6 22. Qh3 1-0

[Event "Copenhagen IM (Politiken Cup-05)"]
[Site "Copenhagen"]
[Date "1983.10.23"]
[Round "9"]
[White "Wedberg, Tom Birger"]
[Black "Jakobsen, Ole"]
[Result "1-0"]
[WhiteElo "2500"]
[BlackElo "2445"]
[Annotator "ChessBase"]
[PlyCount "57"]
[EventDate "1983.10.14"]
[EventType "tourn"]
[EventRounds "9"]
[EventCountry "DEN"]
[SourceTitle "MCL"]
[Source "ChessBase"]
[SourceDate "1999.07.01"]
[SourceVersion "1"]
[SourceVersionDate "1999.07.01"]
[SourceQuality "1"]

1. e4 c5 2. Nf3 d6 3. d4 cxd4 4. Nxd4 Nf6 5. Nc3 a6 6. Bg5 e6 7. f4 Qb6 8. Qd2
Qxb2 9. Rb1 Qa3 10. Be2 Nbd7 11. O-O Qa5 $1 $146 12. f5 e5 13. Ne6 $1 fxe6 (
13... Be7 14. Nd5 $1 Qxd2 15. Ndc7#) 14. fxe6 Be7 $1 15. exd7+ Bxd7 16. Rxb7
Qc5+ (16... Bc6 17. Rxe7+ $1) 17. Kh1 Qc6 18. Bxf6 Bxf6 (18... Qxb7 19. Bxe7
$14) 19. Bh5+ g6 $1 20. Rbb1 O-O 21. Nd5 Bh4 22. Bxg6 Qc4 23. Bf5 Bxf5 24. exf5
Rab8 25. Rbd1 Rb2 26. f6 Qxc2 27. Ne7+ Kf7 (27... Kh8 28. Ng6+ $16) 28. Qd5+
Ke8 29. f7+ 1-0

[Event "Lippstadt"]
[Site "Lippstadt"]
[Date "1994.??.??"]
[Round "4"]
[White "Luther, Thomas"]
[Black "Touzane, Olivier"]
[Result "1-0"]
[WhiteElo "2515"]
[BlackElo "2330"]
[Annotator "ChessBase"]
[PlyCount "37"]
[EventDate "1994.06.??"]
[EventType "tourn"]
[EventRounds "11"]
[EventCountry "GER"]
[EventCategory "8"]
[SourceTitle "CBM 043"]
[Source "ChessBase"]
[SourceDate "1994.12.01"]
[SourceVersion "1"]
[SourceVersionDate "1994.12.01"]
[SourceQuality "1"]

1. e4 c5 2. Nf3 d6 3. d4 cxd4 4. Nxd4 Nf6 5. Nc3 a6 6. Bg5 e6 7. f4 Qb6 8. Nb3
Nbd7 9. Qe2 Qc7 10. g3 b5 11. O-O-O b4 12. Nb1 Nxe4 $2 13. Qxe4 Bb7 14. Qc4 $1
Qb6 $2 (14... Qxc4 $142 15. Bxc4 Bxh1 16. Rxh1 $14) 15. Bd3 Qe3+ 16. N1d2 Bxh1
17. Rxh1 h6 18. Be4 Rb8 $2 (18... hxg5 19. Bxa8 $18) 19. Qxe6+ (19. Qxe6+ fxe6
20. Bg6#) 1-0

[Event "Zagreb/ Rijeka"]
[Site "Zagreb/ Rijeka"]
[Date "1985.05.07"]
[Round "13"]
[White "Lobron, Eric"]
[Black "Ribli, Zoltan"]
[Result "1-0"]
[WhiteElo "2505"]
[BlackElo "2615"]
[Annotator "ChessBase"]
[PlyCount "93"]
[EventDate "1985.04.21"]
[EventType "tourn"]
[EventRounds "15"]
[EventCountry "CRO"]
[EventCategory "11"]
[SourceTitle "MCL"]
[Source "ChessBase"]
[SourceDate "1999.07.01"]
[SourceVersion "1"]
[SourceVersionDate "1999.07.01"]
[SourceQuality "1"]

1. e4 c5 2. Nf3 d6 3. d4 cxd4 4. Nxd4 Nf6 5. Nc3 a6 6. Bg5 e6 7. f4 Qb6 8. Qd2
Qxb2 9. Rb1 Qa3 10. Be2 Be7 11. O-O Nbd7 12. e5 dxe5 13. fxe5 Nxe5 14. Bxf6
gxf6 15. Ne4 f5 16. Rb3 Qa4 17. Nxf5 Qxe4 18. Nxe7 Kxe7 19. Re3 Qd5 20. Qb4+
Qd6 21. Qh4+ Ke8 22. Qf6 Rf8 23. Rxe5 Bd7 24. Bh5 Qe7 25. Qg7 Kd8 26. Rxf7 Rxf7
27. Bxf7 {[#]} Be8 $2 (27... Rc8 $11) 28. Rxe6 $18 Qxf7 29. Qg5+ Kc8 30. Qe5
Kd8 31. Qg5+ Kc8 32. Qe5 Kd8 33. Qd6+ Qd7 34. Qb6+ Kc8 35. Qc5+ Kd8 36. Rd6 Rc8
37. Qg5+ Kc7 38. Rxd7+ Bxd7 39. Qg7 h5 40. Qe5+ Kb6 41. Qd6+ Bc6 42. Qd4+ Kc7
43. Qe5+ Kb6 44. Qxh5 a5 45. Qd1 a4 46. h4 a3 47. Qd4+ 1-0

[Event "Moscow-4teams"]
[Site "Moscow"]
[Date "1981.02.25"]
[Round "3.6"]
[White "Beliavsky, Alexander G"]
[Black "Mikhalchishin, Adrian"]
[Result "1-0"]
[WhiteElo "2620"]
[BlackElo "2535"]
[Annotator "Dolmatov,S"]
[PlyCount "63"]
[EventDate "1981.02.22"]
[EventType "team"]
[EventRounds "6"]
[EventCountry "URS"]
[SourceTitle "MCL"]
[Source "ChessBase"]
[SourceDate "1999.07.01"]
[SourceVersion "1"]
[SourceVersionDate "1999.07.01"]
[SourceQuality "1"]
[WhiteTeam "Soviet Union"]
[BlackTeam "Soviet Union U26"]
[WhiteTeamCountry "URS"]
[BlackTeamCountry "URS"]

1. e4 c5 2. Nf3 d6 3. d4 cxd4 4. Nxd4 Nf6 5. Nc3 a6 6. Bg5 e6 7. f4 Qb6 8. Qd2
Qxb2 9. Rb1 Qa3 10. f5 Nc6 11. fxe6 fxe6 12. Nxc6 bxc6 13. e5 dxe5 14. Bxf6
gxf6 15. Ne4 Be7 16. Be2 h5 17. Rb3 Qa4 18. Nxf6+ Bxf6 19. c4 c5 $6 (19... Ra7
20. O-O Rf7 21. Qd6 Be7 22. Qxe5 Rxf1+ 23. Bxf1 $13) 20. O-O Qd7 21. Qxd7+ (21.
Rd3 Qg7 22. Rg3 Qe7 23. Rg8+ Rxg8 24. Bxh5+ Kf8 25. Qh6+ Qg7 26. Rxf6+ Ke7 27.
Rf7+ Qxf7 28. Bxf7 Kxf7 $15) 21... Bxd7 22. Rxf6 Ke7 $2 (22... h4 $1 23. Re3 (
23. Rg6 Kf7) 23... Ke7 24. Rf2 Rab8 25. Rxe5 Rb1+ 26. Rf1 Rb2 $10 {Rogulj,
B-Stean,M/Smeredevska Palanka/1980/}) 23. Rg6 Rad8 (23... Kf7 24. Rbg3 $16 {
Kengis,E-Markus,A/Moscow/1977/}) (23... Rab8 $2 24. Rg7+ $18) 24. Re3 Be8 $6 (
24... Kd6 25. Rg5 h4 26. Rd3+ $16) 25. Rg5 Rd2 26. Rgxe5 $16 Rh6 27. Ra3 Bc6 (
27... Kd6 28. Ree3 Bc6 29. Rxa6 Kc7 $16) 28. Rxa6 Kd7 (28... Kd6 $1 $16) 29.
Kf2 Rg6 30. g3 Rg4 (30... h4 31. Rxc5 hxg3+ 32. hxg3 $18) 31. Ke3 Rgd4 $2 32.
Rxc5 1-0

[Event "Interzonal-14a"]
[Site "Subotica"]
[Date "1987.??.??"]
[Round "14"]
[White "Rodriguez Cespedes, Amador"]
[Black "Ernst, Thomas"]
[Result "1-0"]
[WhiteElo "2495"]
[BlackElo "2465"]
[Annotator "Ernst,T"]
[PlyCount "105"]
[EventDate "1987.06.??"]
[EventType "tourn"]
[EventRounds "17"]
[EventCountry "YUG"]
[EventCategory "11"]
[SourceTitle "CBM 003"]
[Source "ChessBase"]
[SourceDate "1988.04.01"]
[SourceVersion "1"]
[SourceVersionDate "1988.04.01"]
[SourceQuality "1"]

1. e4 c5 2. Nf3 d6 3. d4 cxd4 4. Nxd4 Nf6 5. Nc3 a6 6. Bg5 e6 7. f4 Qb6 8. Qd2
Qxb2 9. Rb1 Qa3 10. f5 Nc6 11. fxe6 fxe6 12. Nxc6 bxc6 13. Be2 $5 (13. e5)
13... Be7 14. O-O O-O 15. Rb3 Qc5+ 16. Be3 Qe5 17. Bf4 Qc5+ $5 (17... Nxe4) 18.
Kh1 d5 19. e5 Nd7 20. Na4 Qa7 21. Qc3 $1 Nc5 22. Nxc5 Bxc5 (22... Qxc5 23. Qh3
$16) 23. Qh3 g6 24. Rg3 $2 (24. Rbf3 $16) 24... Qg7 25. Bd3 a5 $2 (25... Ra7
$13 {/\} 26. Rg4 Raf7 27. Qg3 $2 Qxe5 $17) 26. Qg4 Bd4 27. Rgf3 Bd7 28. Qh4 $1
$16 Bc5 29. Bh6 Rxf3 (29... Qxe5 $2 30. Bxf8 Rxf8 31. Rxf8+ Bxf8 32. Qd8 Qd6
33. Rxf8+ Qxf8 34. Qxd7 $18) 30. Bxg7 Rxf1+ 31. Bxf1 Kxg7 32. Bd3 Rf8 33. Qg5
Rf7 34. h4 Be7 35. Qg4 c5 $2 (35... Kh6 $16) 36. c4 $1 d4 37. h5 g5 38. h6+ $1
Kg8 (38... Kxh6 39. Qh3+ $18) 39. Qe4 Bf8 40. Qa8 a4 41. Kh2 $18 Re7 42. Kg3
Re8 43. Qa7 Re7 44. Qxc5 Rf7 45. Qb6 Bxh6 46. c5 Bg7 47. Qd8+ Bf8 48. Be4 d3
49. Bxd3 Bc6 50. Bc4 Re7 51. Qd6 Bd7 52. c6 Bc8 53. Qd8 1-0

[Event "Copenhagen Open-02 (Politiken Cup-01)"]
[Site "Copenhagen"]
[Date "1980.06.27"]
[Round "5"]
[White "Morris, Walter D"]
[Black "Fedder, Steen"]
[Result "0-1"]
[WhiteElo "2380"]
[BlackElo "2410"]
[Annotator "Ftacnik,L"]
[PlyCount "46"]
[EventDate "1980.06.23"]
[EventType "swiss"]
[EventRounds "10"]
[EventCountry "DEN"]
[SourceTitle "EXT 2000"]
[Source "ChessBase"]
[SourceDate "1999.11.16"]
[SourceVersion "1"]
[SourceVersionDate "1999.11.16"]
[SourceQuality "1"]

1. e4 c5 2. Nf3 d6 3. d4 cxd4 4. Nxd4 Nf6 5. Nc3 a6 6. Bg5 e6 7. f4 Qb6 8. Qd2
Qxb2 9. Rb1 Qa3 10. f5 Nc6 11. fxe6 fxe6 12. Nxc6 bxc6 13. e5 Nd5 (13... dxe5
14. Bxf6 gxf6 15. Ne4 Be7) 14. Nxd5 cxd5 15. Be2 dxe5 16. c4 (16. O-O Ra7 17.
c4 Qc5+ 18. Kh1) 16... Bc5 17. Rf1 a5 18. Qc2 $6 Bb4+ $1 19. Kd1 Qc3 20. Bh5+
g6 21. Bxg6+ hxg6 22. Qxg6+ Kd7 23. cxd5 Qd4+ 0-1